=LDR 00000nam 2200000 4500 =001 INLIS000000000030808 =005 20200818020939 =035 ##$$a 0010-061300000030808 =008 200818################g##########0#ind## =041 ##$$a ind =082 ##$$a 2X5.4 =090 ##$$a 2X5.4, Zai d =100 ##$$a Zaid, Syaikh Baka bin Abdullah Abu =245 1#$$a Dzikir dengan biji tasbih /$c Syaikh Baka bin Abdullah Abu Zaid, Penerjemah Abu Hudzaifah =260 ##$$a Solo :$b Qiblatuna,$c 2009 =300 ##$$a 140 hlm. ; $c 19 x 13 cm. =650 #4$$a Do'a dan Wirid =850 ##$$a NBPNMAT =020 ##$$a 978-979-19487-0-8 =084 ##$$a 2X5.4 ZAI d =250 ##$$a cet. 1 =500 ##$$a Judul asli ; As-subhah, tarikhuha wa hukmuha =700 #$$a Abu Hudzaifah =990 ##$$a 20900546 =990 ##$$a 20900547 =990 ##$$a 10261026 =990 ##$$a 20900545 =990 ##$$a 20900546 =990 ##$$a 20900547